000 00854nam a22002771 4500
001 33424
003 BD-RjUL
005 20211209052015.0
008 140507r19661949u 001 0 eng
035 _a(BD-RjUL)33515
035 _a(OCoLC)1484786
040 _aDLC
_cFM
_dOCoLC
_dDLC
_dBD-RjUL
_beng
041 _aeng
082 _a301
_bSPS 1966
100 1 _aSprott, W. J. H.
_q(Walter John Herbert),
_d1897-1971.
_988921
245 0 0 _aSociology /
_cW.J.H. Sprott
260 _aLondon ;
_aNew York :
_bHutchinson's University Library,
_cc1949 [impression 1964, 1966]
300 _a192 p. ;
_c20 cm.
490 0 _aHutchinson's university library: Politics,
_v34
504 _aBibilography: p. 185-188.
650 0 _aSociology.
_9101454
650 0 _aSocial psychology.
_9101455
942 _2ddc
_cBK
999 _c33424
_d33424